000
00295nam a22001217a 4500
005
20180912092450.0
008
180912b xxu||||| |||| 00| 0 eng d
022
_a
0973-8703
245
_a
Indian Journal of Marketing
260
_b
Indian Journal of Marketing
_c
2018
300
_a
p66
942
_c
JRL
999
_c
5734
_d
5732